Tradičné a regionálne produkty vo vybraných krajinách Európskej únie bakalárska práca

Enregistré dans:
Détails bibliographiques
Auteur principal: Orendáčová, Mária
Collectivité auteur: Obchodná fakulta EU. Katedra tovaroznalectva a kvality tovaru
Autres auteurs: Jarossová, Malgorzata Agnieszka, 1978-
Format: Livre
Langue:slovaque
Publié: Bratislava 2018
Tags: Ajouter un tag
Pas de tags, Soyez le premier à ajouter un tag!

MARC

LEADER 00000nbm a2200000 4500
001 0245035
005 20180911145339.1
041 0 |a slo 
044 |a SK 
245 1 0 |a Tradičné a regionálne produkty vo vybraných krajinách Európskej únie  |b bakalárska práca  |c Mária Orendáčová ; školiteľ: Malgorzata Agnieszka Jarossová 
264 1 |a Bratislava  |c 2018 
300 |a 61 s. 
100 1 |a Orendáčová, Mária 
700 1 |a Jarossová, Malgorzata Agnieszka, 1978- 
710 2 |a Obchodná fakulta EU. Katedra tovaroznalectva a kvality tovaru